| 000 | 00603cam a22001932a 4500 | ||
|---|---|---|---|
| 001 | 000063 | ||
| 003 | AR-FADEU | ||
| 008 | 311216n1969####xxu####################dd | ||
| 092 |
_a303.4 _bG373 |
||
| 100 | _aGermani, Gino | ||
| 245 | _aSociología de la modernización : Estudios teóricos, metodológicos y aplicados a América Latina | ||
| 260 | _aBuenos Aires | ||
| 260 | _bPaidós | ||
| 260 | _c1969 | ||
| 300 | _a225 p | ||
| 440 |
_aPsicología Social y Socioloía _n36 |
||
| 650 | _aAMERICA LATINA-MODERNIZACION; MIGRACION-ARGENTINA; BRASIL; DEMOGRAFIA-PAISES EN DESARROLLO | ||
| 942 | _cBDGR | ||
| 999 |
_c5908 _d5908 |
||